Sports Quiz

Random Sports or NBA Quiz

Top 50 Greatest NBA Players of All-time Quiz Stats

Quiz not verified by Sporcle

Challenge
Share
Tweet
Embed
Score 0/50 Timer 15:00
0 Plays Today
# Player % Correct
1MICHAEL JORDAN
98.1%
2LEBRON JAMES
97%
9KOBE BRYANT
94.2%
4LARRY BIRD
92.4%
5SHAQUILLE O'NEAL
92.2%
3MAGIC JOHNSON
90.7%
10TIM DUNCAN
87.6%
7BILL RUSSELL
87.1%
19KEVIN DURANT
87.1%
26STEPHEN CURRY
86.6%
13JERRY WEST
86.5%
6KAREEM ABDUL-JABBAR
86.1%
8.WILT CHAMBERLAIN
80.8%
15KEVIN GARNETT
77.8%
16KARL MALONE
76.9%
24DWYANE WADE
76.4%
14MOSES MALONE
75.1%
35RUSSELL WESTBROOK
74.9%
22JOHN STOCKTON
73.3%
11OSCAR ROBERTSON
73.3%
12HAKEEM OLAJUWON
72.3%
27ISIAH THOMAS
72%
25SCOTTIE PIPPEN
71.9%
36ALLEN IVERSON
71.3%
32DIRK NOWITZKI
71.2%
# Player % Correct
49PAUL PIERCE
70.3%
34STEVE NASH
68.7%
18JULIUS ERVING
67.3%
28DAVID ROBINSON
67.1%
17CHARLES BARKLEY
65.7%
44RAY ALLEN
65.5%
39PATRICK EWING
65.3%
46CHRIS PAUL
59.1%
43JASON KIDD
57.6%
41KEVIN MCHALE
56.2%
42CLYDE DREXLER
54.7%
30BOB COUSY
51.8%
40GARY PAYTON
49.4%
50DOMINIQUE WILKINS
48.8%
20JOHN HAVLICEK
48.3%
23ELGIN BAYLOR
47.7%
29RICK BARRY
45.3%
21BOB PETTIT
44.4%
37.WALT FRAZIER
43.1%
33BILL WALTON
40.5%
38GEORGE GERVIN
39.6%
31WILLIS REED
37.2%
47GEORGE MIKAN
34%
48ELVIN HAYES
33.1%
45DAVE COWENS
22.3%

You're not logged in!

Compare scores with friends on all Sporcle quizzes.
Join for Free
OR
Log In

You Might Also Like...

Show Comments

Extras

Top Quizzes Today


Score Distribution

Your Account Isn't Verified!

In order to create a playlist on Sporcle, you need to verify the email address you used during registration. Go to your Sporcle Settings to finish the process.

Report this User

Report this user for behavior that violates our Community Guidelines.

Details: